[Event "Martin Christoffel mem Red corr"]
[Site "Switzerland"]
[Date "2002.06.20"]
[Round "?"]
[White "Berclaz, Philippe H"]
[Black "Andriulaitis, Vytautas"]
[Result "1-0"]
[WhiteElo "2514"]
[BlackElo "2590"]
[PlyCount "80"]
[EventDate "2002.06.01"]
[EventType "tourn (corr)"]
[EventRounds "8"]
[EventCountry "SUI"]
[SourceTitle "Corr 2006"]
[Source "ChessBase"]
[SourceDate "2006.04.01"]
[SourceVersion "3"]
[SourceVersionDate "2006.04.01"]
[SourceQuality "1"]

1. Nf3 Nf6 2. c4 e6 3. Nc3 Bb4 4. Qc2 0-0 5. a3 Bxc3 6. Qxc3 b6 7. e3 Bb7 8. Be2 d6 9. 0-0 Nbd7 10. b4 c5 11. Bb2 Qe7 12. d3 Rac8 13. b5 a5 14. Nd2 d5 15. f4 Ne8 16. Bf3 f6 17. Qb3 Qf7 18. Rae1 Nd6 19. a4 Rcd8 20. Qd1 Nb8 21. Qe2 dxc4 22. dxc4 Bxf3 23. Rxf3 Rd7 24. e4 Rfd8 25. Nf1 Nc8 26. Bc3 Ne7 27. Ne3 Rd3 28. Qc2 Qe8 29. Rff1 R3d7 30. f5 e5 31. Nd5 Nxd5 32. exd5 Rd6 33. Rf3 Nd7 34. Re4 Nf8 35. Qf2 R6d7 36. g4 Re7 37. Qh4 Rd6 38. Bd2 Rf7 39. Qg3 Nd7 40. Kf1 Qc8 1-0

[Event "Martin Christoffel mem Red corr"]
[Site "Switzerland"]
[Date "2002.06.01"]
[Round "?"]
[White "Berclaz, Philippe H"]
[Black "Trumpf, Walter"]
[Result "1/2-1/2"]
[WhiteElo "2514"]
[BlackElo "2444"]
[PlyCount "117"]
[EventDate "2002.06.01"]
[EventType "tourn (corr)"]
[EventRounds "8"]
[EventCountry "SUI"]
[SourceTitle "Corr 2006"]
[Source "ChessBase"]
[SourceDate "2006.04.01"]
[SourceVersion "3"]
[SourceVersionDate "2006.04.01"]
[SourceQuality "1"]

1. Nf3 Nf6 2. c4 g6 3. Nc3 Bg7 4. e4 d6 5. d4 0-0 6. Be2 e5 7. 0-0 Nc6 8. d5 Ne7 9. Nd2 a5 10. a3 Nd7 11. Rb1 f5 12. b4 Kh8 13. Qc2 Nf6 14. Bb2 c6 15. Rbd1 axb4 16. axb4 fxe4 17. Ndxe4 Bf5 18. Bd3 cxd5 19. Nxf6 Bxd3 20. Qxd3 dxc4 21. Qxd6 Qxd6 22. Rxd6 Bxf6 23. Rd7 Nc6 24. Rxb7 Rfb8 25. Rc7 Nxb4 26. Ne4 Bg7 27. Rxc4 Nd5 28. Ba1 Kg8 29. h3 Rb4 30. Rxb4 Nxb4 31. Bc3 Nd5 32. Rd1 Nxc3 33. Nxc3 Ra7 34. Ne4 Kf8 35. Rb1 Ke7 36. Rb6 Bh6 37. g3 Kf7 38. Nf6 Bg5 39. Nxh7 Be7 40. h4 Ra5 41. Rb7 Ke6 42. f3 Ra2 43. Kf1 Rc2 44. Ra7 Rb2 45. Ra6+ Kf5 46. Ra4 Ke6 47. Re4 Ra2 48. Rg4 Kf5 49. Ng5 Bxg5 50. Rxg5+ Kf6 51. Kg1 Rb2 52. Rg4 Rb1+ 53. Kf2 Rb2+ 54. Ke3 Rb3+ 55. Ke4 Rb5 56. f4 exf4 57. Rxf4+ Kg7 58. Rf2 g5 59. hxg5 1/2-1/2

[Event "IECG WC.2003.S.00001 email"]
[Site "IECG email"]
[Date "2001.04.01"]
[Round "?"]
[White "Berclaz, Philippe H"]
[Black "Ginther, Ron"]
[Result "1-0"]
[WhiteElo "2304"]
[BlackElo "2009"]
[PlyCount "43"]
[EventDate "2001.04.01"]
[EventType "tourn (corr)"]
[EventRounds "8"]
[SourceTitle "Corr 2008"]
[Source "ChessBase"]
[SourceDate "2008.06.24"]
[SourceVersion "1"]
[SourceVersionDate "2008.06.24"]
[SourceQuality "1"]

1. e4 c5 2. Nc3 Nc6 3. Nge2 e5 4. Nd5 d6 5. Nec3 Nge7 6. Bc4 Nxd5 7. Nxd5 Be6 8. 0-0 Be7 9. d3 0-0 10. f4 Nb4 11. Nxe7+ Qxe7 12. f5 Bxc4 13. dxc4 Qf6 14. Qh5 h6 15. Rf2 Kh7 16. g4 Kg8 17. g5 hxg5 18. Bxg5 g6 19. Qh4 Qg7 20. Bf6 Qh7 21. Qxh7+ Kxh7 22. Rf3 1-0

[Event "IECG WC.2003.S.00001 email"]
[Site "IECG email"]
[Date "2001.04.01"]
[Round "?"]
[White "Berclaz, Philippe H"]
[Black "Hoffmann, Michael"]
[Result "1/2-1/2"]
[WhiteElo "2304"]
[BlackElo "1184"]
[PlyCount "125"]
[EventDate "2001.04.01"]
[EventType "tourn (corr)"]
[EventRounds "8"]
[SourceTitle "Corr 2008"]
[Source "ChessBase"]
[SourceDate "2008.06.24"]
[SourceVersion "1"]
[SourceVersionDate "2008.06.24"]
[SourceQuality "1"]

1. c4 Nf6 2. d4 e6 3. Nf3 b6 4. g3 Bb7 5. Bg2 Be7 6. 0-0 0-0 7. b3 d5 8. Nbd2 Nbd7 9. cxd5 Bxd5 10. Bb2 c5 11. Qb1 cxd4 12. Bxd4 Rc8 13. e4 Bb7 14. Rd1 Qc7 15. e5 Nd5 16. Qb2 Rfd8 17. Rac1 Qb8 18. h3 b5 19. Rxc8 Rxc8 20. Ne4 b4 21. Ne1 a5 22. Kh2 Qa8 23. Qe2 a4 24. Qg4 Qa5 25. bxa4 Qxa4 26. Nf6+ Bxf6 27. Bxd5 Bxd5 28. exf6 g6 29. Qf4 Kh8 30. Rc1 Rg8 31. Rc7 e5 32. Bxe5 Nxe5 33. Qxe5 Qa5 34. Qd4 Be6 35. Nd3 Qd5 36. Qxd5 Bxd5 37. Nxb4 Be6 38. Nc6 Rc8 39. Re7 Bd5 40. Ne5 Kg8 41. h4 h5 42. f3 Rc2+ 43. Kg1 Rb2 44. g4 hxg4 45. fxg4 Rb4 46. Rd7 Be6 47. Rd6 Kh7 48. Kf2 Rf4+ 49. Ke3 Rxf6 50. Nxf7 Rxf7 51. Rxe6 Rf1 52. Rc6 Rb1 53. Rd6 Rb4 54. Rd4 Rb1 55. g5 Rh1 56. Rg4 Kg7 57. Rf4 Re1+ 58. Kf2 Rh1 59. Rd4 Kf7 60. Kg3 Rg1+ 61. Kf4 Ke6 62. Re4+ Kf7 63. Ra4 1/2-1/2

[Event "Reg Gillman mem-D corr"]
[Site "England"]
[Date "1999.12.01"]
[Round "?"]
[White "Berclaz, Philippe H"]
[Black "Lumley, William F"]
[Result "1-0"]
[WhiteElo "2389"]
[BlackElo "2365"]
[PlyCount "83"]
[EventDate "1999.??.??"]
[EventType "tourn (corr)"]
[EventRounds "10"]
[SourceTitle "Corr 2002"]
[Source "ChessBase"]
[SourceDate "2002.05.23"]
[SourceVersion "1"]
[SourceVersionDate "2002.05.23"]
[SourceQuality "1"]

1. c4 c5 2. Nf3 Nf6 3. Nc3 Nc6 4. g3 d5 5. d4 cxd4 6. Nxd4 dxc4 7. Nxc6 Qxd1+ 8. Nxd1 bxc6 9. Bg2 Nd5 10. Ne3 e6 11. Nxc4 Ba6 12. Na5 Rc8 13. Bd2 Be7 14. Rc1 Bb5 15. 0-0 0-0 16. Bf3 Rfd8 17. Nb7 Re8 18. Nc5 Nb6 19. b3 Bxc5 20. Rxc5 Nd7 21. Rc2 Ne5 22. Bh5 Red8 23. f4 Ng6 24. Rfc1 Ne7 25. Kf2 f6 26. Be3 Rd7 27. Rc5 Rcc7 28. Bf3 Kf7 29. a4 Ba6 30. b4 Bb7 31. Rh5 c5 32. Rhxc5 Rxc5 33. Bxc5 f5 34. Bxe7 Bxf3 35. exf3 Kxe7 36. Rc6 Rb7 37. b5 Kd7 38. Ke3 Ke7 39. Kd4 Rd7+ 40. Kc5 h6 41. h4 g6 42. Rc8 1-0